Logo BPK

Biblioteka

Politechniki Koszalińskiej

Asertywność (Rekord nr 41249)

Szczegóły MARC
000 -ETYKIETA REKORDU
podpole kontrolne o stałej długości 01329nmm a2200373 i 4500
001 - NUMER KONTROLNY REKORDU
pole kontrolne bg
040 ## - ŹRÓDŁO KATALOGOWANIA
Instytucja, która utworzyła rekord BPK
041 1# - KOD JĘZYKA
Kod języka tekstu pol
044 ## - KOD KRAJU WYDAWCY/PRODUCENTA
Kod kraju wydawcy/producenta POL
080 ## - UNIWERSALNA KLASYFIKACJA DZIESIĘTNA - UKD
UKD 159.923
080 ## - UNIWERSALNA KLASYFIKACJA DZIESIĘTNA - UKD
UKD 316.64
080 ## - UNIWERSALNA KLASYFIKACJA DZIESIĘTNA - UKD
UKD (086.82)
080 ## - UNIWERSALNA KLASYFIKACJA DZIESIĘTNA - UKD
UKD (083.1)
008 - POLE O STAŁEJ DŁUGOŚCI - DANE KONTROLNE
podpole kontrolne o stałej długości 120705s2011 pl |000 0 pol
245 00 - TYTUŁ/ODPOWIEDZIALNOŚĆ
Tytuł Asertywność
Typ dokumentu [Film] /
Pozostałe elementy strefy tytułu i oznaczenia odpowiedzialności reż. i scen. Paweł Filarski ; zdj. Wojciech Ostrowski ; kier. prod. Ewa Heimowska.
260 ## - STREFA ADRESU WYDAWNICZEGO
Miejsce wydania Gdańsk :
Nazwa wydawcy/dystrybutora Wytwórnia Filmów Szkoleniowych Synergia,
Data publikacji, dystrybucji/powstania dokumentu [ca 2011].
300 ## - STREFA OPISU FIZYCZNEGO
Objętość 1 płyta wiz. (DVD) (32 min.) :
Inne cechy fizyczne dźw., kolor. ;
Rozmiary 12 cm.
500 ## - UWAGI OGÓLNE
Tekst uwagi Opakowanie : 19x14x1 cm.
511 1# - UWAGA DOTYCZĄCA UCZESTNICTWA LUB WYKONAWCY
Tekst uwagi Wykonawcy: Karolina Piechota, Magda Komorowska, Dariusz Szymaniak, Grzegorz Wolf, Tomasz WiŠcek.
650 #4 - HASŁO PRZEDMIOTOWE W FORMIE NAZWY OGÓLNEJ LUB JEDNOSTKOWEJ
Nazwa ogólna lub geograficzna Asertywność
655 #4 - TERMIN INDEKSOWY - OKREŚLENIE RODZAJU/FORMY DOKUMENTU
Określenie rodzaju/formy dokumentu Film edukacyjny
655 #4 - TERMIN INDEKSOWY - OKREŚLENIE RODZAJU/FORMY DOKUMENTU
Określenie rodzaju/formy dokumentu Poradniki
700 1# - HASŁO DODATKOWE - NAZWA OSOBOWA
Nazwa osobowa Filarski, Paweł.
Numeracja związana z nazwą Scen.
700 1# - HASŁO DODATKOWE - NAZWA OSOBOWA
Nazwa osobowa Filarski, Paweł.
Numeracja związana z nazwą Reż.
700 1# - HASŁO DODATKOWE - NAZWA OSOBOWA
Nazwa osobowa Ostrowski, Wojciech.
Numeracja związana z nazwą Zdj.
700 1# - HASŁO DODATKOWE - NAZWA OSOBOWA
Nazwa osobowa Heimowska, Ewa.
Numeracja związana z nazwą Prod.
700 1# - HASŁO DODATKOWE - NAZWA OSOBOWA
Nazwa osobowa Piechota, Karolina.
Numeracja związana z nazwą Aktor
700 1# - HASŁO DODATKOWE - NAZWA OSOBOWA
Nazwa osobowa Komorowska, Magda.
Numeracja związana z nazwą Aktor
700 1# - HASŁO DODATKOWE - NAZWA OSOBOWA
Nazwa osobowa Szymaniak, Dariusz.
Numeracja związana z nazwą Aktor
700 1# - HASŁO DODATKOWE - NAZWA OSOBOWA
Nazwa osobowa Wolf, Grzegorz.
Numeracja związana z nazwą Aktor
700 1# - HASŁO DODATKOWE - NAZWA OSOBOWA
Nazwa osobowa Więcek, Tomasz.
Numeracja związana z nazwą Aktor
856 ## - LOKALIZACJA I DOSTĘP DO ELEKTRONICZNYCH DOKUMENTÓW ZDALNYCH
Link (URL) http://koha.tu.koszalin.pl/cgi-bin/koha/opac-detail.pl?biblionumber=41249
Tekst linku Katalog online BPK
946 ## - DANE ZAMÓWIENIA
c 174.11
942 ## - DODATKOWE ELEMENTY (KOHA)
Typ dokumentu Płyta DVD
Egzemplarze
Wycofany Status egzemplarza Uszkodzony Dostępność Lokalizacja stała Lokalizacja bieżąca Miejsce przechowywania Sygnatura Kod kreskowy Dział Typ dokumentu
      Tylko na miejscu Czytelnia Wydziału Elektroniki i Informatyki, Wydziału Architektury i Wzornictwa, Wydziału Inżynierii Mechanicznej i Energetyki oraz Wydziału Inżynierii Lądowej, Środowiska i Geodezji Czytelnia Wydziału Elektroniki i Informatyki, Wydziału Architektury i Wzornictwa, Wydziału Inżynierii Mechanicznej i Energetyki oraz Wydziału Inżynierii Lądowej, Środowiska i Geodezji Czytelnia Wydziałowa ul. Śniadeckich 2 DD 1698 02510279 159.9 Psychologia (księgozbiór podręczny) Płyta DVD
© 2023 Biblioteka Politechniki Koszalińskiej :: KOHA